| 000 | 00670nam a22002417a 4500 | ||
|---|---|---|---|
| 003 | OSt | ||
| 008 | 260228b2026 |||||||| |||| 00| 0 eng d | ||
| 020 | _a9789373322421 | ||
| 082 |
_bTUD-H _a174 |
||
| 100 | _aTudu, Preshita Neha | ||
| 245 |
_aHuman values and professional ethics / _cPreshita Neha Tudu and Vaibhav Mishra |
||
| 260 |
_aNew Delhi : _bWiley, _c2026. |
||
| 300 | _axx, 227 p. ; | ||
| 650 | _aProfessional ehtics | ||
| 650 | _aBusiness ethics | ||
| 650 | _aHuman Values | ||
| 650 | _aMoral Philosophy | ||
| 650 | _aApplied etihics | ||
| 650 | _aSocial responsibility | ||
| 650 | _aCode of ethics | ||
| 700 | _aMishra, Vaibhav | ||
| 942 |
_2ddc _cBK |
||
| 999 |
_c21510 _d21510 |
||